| 000 | 03241nam0a22005171 4500 | ||
|---|---|---|---|
| 001 | v19\rc\2100274 | ||
| 005 | 20260408063647.0 | ||
| 035 | _a(NLR Aleph) 005184187 | ||
| 090 |
_a5152675 _c5152676 |
||
| 100 | _a20090914d1813 m y0rusy50 ca | ||
| 101 | 1 |
_arus _cfre |
|
| 102 | _aRU | ||
| 140 | _ay y ma eayaa0000 | ||
| 200 | 1 |
_aПажи герцога Вандомскаго. _eОпера водевиль в одном действии. _fСоч. Дюпати и Диелафуа _gПеревел с французскаго. Яков Лизогуб |
|
| 210 |
_aСанктпетербург _cв типографии Иос. Иоаннесова _d1813 |
||
| 215 |
_a[4], 80 с. _d12° |
||
| 300 | _aЦенз.: И.О. Тимковский, 28 марта 1813 г. | ||
| 300 | _aПредставление пьесы состоялось в С.-Петербурге 10 февр. 1813 г. | ||
| 300 | _aНа с.[3] стихотвор. посвящ. пер. своей сестре С.И. Лизлгуб. Дата: 9 дек. 1812 г. | ||
| 300 | _aДюпати в качестве автора указан ошибочно. В действительности авт.: Диелафуа, Мишель и Жерсен, Н. (Источник - Catalogue de la Bibliotheque Nationale. T. 40) | ||
| 316 |
_aЭкз. РНБ (18.169.2.228) в черной бумаж. обл. На 1-й с. обл. ярлык с шифром РНБ. На корешке, 1-й и 4-й с. обл. бумаж. голубая наклейка с рукоп. текстом: "Пажи герц. ванд.". На 2-й с. обл. пустой ярлык. На тит.л. рукоп. запись: "44 1388/32-6 з". На обороте тит.л., с.33, 80 круглый штамп ГПБ. Размер: 16,2х9,7х0,8 см. _5NLR: 18.169.2.228 |
||
| 317 |
_aЭкз. БАН из б-ки А.Ф. Смирдина и из Эрмитаж. б-ки _5БАН |
||
| 321 | 1 | _aСК 1801-1825 2500 | |
| 518 | 1 | _aПажи герцога Вандомского | |
| 620 | _dСанкт-Петербург | ||
| 700 | 1 |
_7ca _8rus _aДьелафуа _bМ. _f1762-1823 _gМишель _9171000 _3RU\NLR\AUTH\770171050 |
|
| 701 | 1 |
_7ca _8rus _aЖерсен _bН. _f1765-1833 _gНиколас _9171006 _3RU\NLR\AUTH\770171056 |
|
| 702 | 1 |
_4730 _8rus _7ca _aЛизогуб _bЯ. И. _fок.1786-ок.1822 _gЯков Иванович _3RU\NLR\AUTH\77116663 _999588 |
|
| 702 | 1 |
_4610 _7ca _8rus _aИоаннесов _bИ. И. _f1774-1862 _gИосиф Иванович _9227848 _3RU\NLR\AUTH\770227904 |
|
| 702 | 1 |
_aДюпати _bЭ.М. _f1775-1851 _gЭмман.эль Мерсье _4330 |
|
| 702 | 1 |
_aЛизогуб _bС.И. _gСофья Ивановна _4280 |
|
| 712 | 0 | 0 |
_4610 _aИоаннесов, _gИ., _hтип. _cПетербург _3RU\NLR\AUTH\8810035693 _9569812 |
| 790 | 1 |
_9z01700 _aДиелафуа _bМ. _gМишель |
|
| 801 | 0 |
_aRU _bNLR _gpsbo |
|
| 801 | 1 |
_aRU _bProSoft-M _2rusmarc |
|
| 801 | 2 |
_aRU _bNLR _c20150323 _2rusmarc |
|
| 852 |
_aNLR _j18.169.2.228 |
||
| 852 |
_aNLR _j19.113а.1.114 |
||
| 899 | _aРГБ | ||
| 899 | _aБАН | ||
| 899 | _aМГУ | ||
| 942 | _cBOOK | ||
| 980 | _aNB | ||
| 980 | 3 | _akpnscan | |